[Event "Donetzk zt"]
[Site "Donetsk"]
[Date "1998.11.06"]
[Round "5"]
[White "Nosenko, Alexander"]
[Black "Romanishin, Oleg M"]
[Result "1/2-1/2"]
[WhiteElo "2425"]
[BlackElo "2600"]
[EventDate "1998.11.02"]
[PlyCount "129"]

1.d4 Nf6 2.Nf3 g6 3.Bf4 Bg7 4.e3 O-O 5.Be2 d6 6.h3 c5 7.Nbd2 cxd4 8.exd4 
Nc6 9.c3 Be6 10.Bc4 Bxc4 11.Nxc4 Rc8 12.Ne3 Qb6 13.Qe2 e5 14.dxe5 Nh5 15.
Bh2 dxe5 16.Nc4 Qc5 17.O-O b5 18.Ncd2 b4 19.Ne4 Qe7 20.Rad1 bxc3 21.bxc3 
Nf6 22.Nd6 Rcd8 23.Nc4 Nd5 24.Qc2 e4 25.Nd4 Nxd4 26.cxd4 Nb4 27.Qb3 Bxd4 
28.Na5 Bb6 29.Nc4 Bd4 30.Na5 Bb6 31.Nc4 Bc5 32.Ne5 Rd6 33.Rfe1 e3 34.fxe3 
Nc6 35.Ng4 Re6 36.Nh6+ Kg7 37.Bf4 f6 38.Kh1 Ne5 39.e4 Nf7 40.Nxf7 Rxf7 41.
Qd5 g5 42.Bd2 Re5 43.Qc4 Qe6 44.Qxe6 Rxe6 45.Bc3 Kg6 46.Re2 Rc7 47.g4 Be7 
48.Bb2 Ra6 49.Ba1 Rac6 50.Kg2 Ra6 51.e5 Re6 52.Rd5 f5 53.gxf5+ Kxf5 54.
Rf2+ Kg6 55.Ra5 a6 56.Ra4 h5 57.Bd4 Rc8 58.Kf3 Bf8 59.Ke4 Rd8 60.Rf6+ Rxf6
61.exf6 Rd6 62.Rc4 Re6+ 63.Kd5 Rd6+ 64.Ke4 Re6+ 65.Kd5 1/2-1/2

[Event "Donetzk zt"]
[Site "Donetsk"]
[Date "1998.11.06"]
[Round "5"]
[White "Ovsejevitsch, Sergei"]
[Black "Brodsky, Michail"]
[Result "1/2-1/2"]
[WhiteElo "2500"]
[BlackElo "2525"]
[EventDate "1998.11.02"]
[PlyCount "30"]

1.d4 e6 2.c4 Nf6 3.Nf3 b6 4.g3 Bb7 5.Bg2 Be7 6.O-O O-O 7.Nc3 Ne4 8.Bd2 f5 
9.d5 Bf6 10.Rc1 Na6 11.a3 c6 12.dxe6 dxe6 13.Qc2 c5 14.Nxe4 Bxe4 15.Qa4 
Nb8 1/2-1/2

[Event "Donetzk zt"]
[Site "Donetsk"]
[Date "1998.11.06"]
[Round "5"]
[White "Zontakh, Andrey"]
[Black "Lerner, Konstantin Z"]
[Result "1/2-1/2"]
[WhiteElo "2540"]
[BlackElo "2580"]
[EventDate "1998.11.02"]
[PlyCount "51"]

1.d4 Nf6 2.c4 e6 3.Nc3 Bb4 4.Qc2 O-O 5.a3 Bxc3+ 6.Qxc3 b6 7.Bg5 Ba6 8.Nf3 
d6 9.e3 Nbd7 10.Bd3 Rc8 11.O-O h6 12.Bh4 c5 13.Qb3 Qc7 14.Bxf6 Nxf6 15.
Rac1 e5 16.dxe5 dxe5 17.Qc2 Rcd8 18.Be2 e4 19.Nd2 Rde8 20.Nb1 h5 21.Nc3 
Re5 22.Rfd1 Rfe8 23.Rd2 Qe7 24.Rcd1 Bc8 25.Nd5 Nxd5 26.Rxd5 1/2-1/2

[Event "Donetzk zt"]
[Site "Donetsk"]
[Date "1998.11.08"]
[Round "6"]
[White "Baklan, Vladimir"]
[Black "Zontakh, Andrey"]
[Result "1/2-1/2"]
[WhiteElo "2585"]
[BlackElo "2540"]
[EventDate "1998.11.02"]
[PlyCount "47"]

1.e4 c6 2.d4 d5 3.Nc3 dxe4 4.Nxe4 Bf5 5.Ng3 Bg6 6.h4 h6 7.Nf3 Nf6 8.Ne5 
Bh7 9.Bd3 Bxd3 10.Qxd3 e6 11.Bd2 Be7 12.f4 Nbd7 13.O-O-O c5 14.Bc3 O-O 15.
dxc5 Nxc5 16.Qf3 Qb6 17.Ng4 Qc6 18.Nxf6+ Bxf6 19.Bxf6 gxf6 20.Qxc6 bxc6 
21.Rd6 Rfc8 22.f5 a5 23.Re1 Kf8 24.Rd4 1/2-1/2

[Event "Donetzk zt"]
[Site "Donetsk"]
[Date "1998.11.08"]
[Round "6"]
[White "Berezin, Oleg"]
[Black "Novikov, Igor A"]
[Result "0-1"]
[WhiteElo "2455"]
[BlackElo "2545"]
[EventDate "1998.11.02"]
[PlyCount "80"]

1.d4 d5 2.c4 e6 3.Nf3 Nf6 4.g3 dxc4 5.Bg2 a6 6.Ne5 c5 7.Na3 cxd4 8.Naxc4 
Ra7 9.a4 b6 10.O-O Bb7 11.Qb3 Bxg2 12.Kxg2 Qd5+ 13.f3 Bc5 14.e4 Qb7 15.Nd3
O-O 16.a5 Nbd7 17.axb6 Bxb6 18.Bg5 Rfa8 19.Ra4 Nc5 20.Nxc5 Bxc5 21.Qxb7 
Rxb7 22.Bd2 Nd7 23.Rfa1 Nb6 24.Na5 Rc7 25.R4a2 e5 26.b4 Bf8 27.Kf2 Nd7 28.
Ke2 Rac8 29.Nb3 Nb8 30.f4 exf4 31.Bxf4 Rc4 32.Bxb8 Rxb8 33.Nd2 Rc3 34.Rxa6
Re3+ 35.Kd1 Rxb4 36.Ra8 g6 37.Rd8 Kg7 38.Ra7 Bc5 39.Rdd7 Bxa7 40.Rxa7 h5 
0-1

[Event "Donetzk zt"]
[Site "Donetsk"]
[Date "1998.11.08"]
[Round "6"]
[White "Kopylov, Michael"]
[Black "Berelowitsch, Alexander"]
[Result "1/2-1/2"]
[WhiteElo "2385"]
[BlackElo "2495"]
[EventDate "1998.11.02"]
[PlyCount "110"]

1.d4 Nf6 2.c4 e6 3.Nc3 Bb4 4.g3 c5 5.Nf3 Ne4 6.Qd3 Qa5 7.Qxe4 Bxc3+ 8.Bd2 
Bxd2+ 9.Nxd2 O-O 10.Bg2 d6 11.Qe3 cxd4 12.Qxd4 Nc6 13.Qe3 d5 14.O-O d4 15.
Qd3 Rd8 16.a3 Ne5 17.Qc2 Qc7 18.Qe4 Rb8 19.Qf4 b6 20.Rac1 Bb7 21.Ne4 Rbc8 
22.c5 Bxe4 23.cxb6 Qxb6 24.Bxe4 Nd7 25.b4 Nf6 26.Bf3 Rc3 27.Rxc3 dxc3 28.
Qc4 Qd4 29.Qxd4 Rxd4 30.Rc1 Rc4 31.Kf1 Kf8 32.e4 c2 33.Ke2 Rc3 34.Bg2 e5 
35.Kd2 Rxa3 36.Rxc2 Rb3 37.Rc8+ Ne8 38.Rb8 a5 39.Kc2 Rxb4 40.Rxb4 axb4 41.
Kb3 Ke7 42.Kxb4 Kd6 43.Kc4 Kc6 44.Bf3 Nd6+ 45.Kb4 g5 46.h4 gxh4 47.gxh4 h6
48.Bg2 Nb7 49.Kc4 Nc5 50.f4 Nd7 51.fxe5 Nxe5+ 52.Kd4 Kd6 53.Ke3 Ng6 54.h5 
Ne5 55.Kf4 Ke6 1/2-1/2

[Event "Donetzk zt"]
[Site "Donetsk"]
[Date "1998.11.08"]
[Round "6"]
[White "Kruppa, Yuri"]
[Black "Nosenko, Alexander"]
[Result "1-0"]
[WhiteElo "2570"]
[BlackElo "2425"]
[EventDate "1998.11.02"]
[PlyCount "95"]

1.d4 Nf6 2.c4 e6 3.Nc3 Bb4 4.Qc2 O-O 5.a3 Bxc3+ 6.Qxc3 Ne4 7.Qc2 f5 8.e3 
b6 9.Ne2 Bb7 10.f3 Nf6 11.Nc3 Kh8 12.Be2 c5 13.dxc5 bxc5 14.b4 Nc6 15.b5 
Ne7 16.Bb2 Qc7 17.O-O Rac8 18.Rad1 f4 19.exf4 Qxf4 20.Qd2 Qxd2 21.Rxd2 d5 
22.cxd5 exd5 23.Rc1 Nf5 24.Nd1 Nd7 25.a4 Nb6 26.Ba3 Nxa4 27.Nb2 Nxb2 28.
Rxb2 c4 29.Bxf8 Rxf8 30.Bxc4 Rc8 31.Rbc2 Nd4 32.Bd3 Nxc2 33.Rxc2 Rxc2 34.
Bxc2 d4 35.Kf2 Bd5 36.Ke2 Bc4+ 37.Bd3 Bd5 38.Kd2 g5 39.Be2 Kg7 40.Kd3 Kf6 
41.Kxd4 Bb7 42.Bd3 h5 43.Be4 Bc8 44.Kd5 Be6+ 45.Kd6 Bc4 46.Bc6 h4 47.g3 
hxg3 48.hxg3 1-0

[Event "Donetzk zt"]
[Site "Donetsk"]
[Date "1998.11.08"]
[Round "6"]
[White "Lerner, Konstantin Z"]
[Black "Golubev, Mikhail"]
[Result "1/2-1/2"]
[WhiteElo "2580"]
[BlackElo "2515"]
[EventDate "1998.11.02"]
[PlyCount "89"]

1.e4 d5 2.exd5 Nf6 3.d4 Nxd5 4.Nf3 Bf5 5.Bd3 Bxd3 6.Qxd3 e6 7.O-O Nd7 8.c4
N5f6 9.Nc3 Be7 10.Bf4 O-O 11.Rad1 c6 12.Ne5 Re8 13.Qf3 Qb6 14.b3 Rad8 15.
c5 Qa6 16.Nc4 Nd5 17.Bd6 b6 18.Ne5 Nxe5 19.dxe5 bxc5 20.Ne4 Bxd6 21.Nxd6 
Rf8 22.Rd2 f6 23.Qg4 f5 24.Qc4 Qxc4 25.bxc4 Nb6 26.f4 Rd7 27.Rfd1 Rfd8 28.
Kf2 Nc8 29.Ne4 Rxd2+ 30.Rxd2 Rxd2+ 31.Nxd2 Nb6 32.Ke3 Kf7 33.Kd3 Nd7 34.
Nb3 g5 35.g3 gxf4 36.gxf4 Kg6 37.Ke3 Kh5 38.Kf3 Kh4 39.Na5 Kh3 40.Nxc6 a6 
41.Nd8 Nf8 42.Nb7 Nd7 43.Nd8 Nf8 44.Nb7 Nd7 45.Nd8 1/2-1/2

[Event "Donetzk zt"]
[Site "Donetsk"]
[Date "1998.11.08"]
[Round "6"]
[White "Moroz, Alexander"]
[Black "Nechaev, Andrei"]
[Result "0-1"]
[WhiteElo "2490"]
[BlackElo "2330"]
[EventDate "1998.11.02"]
[PlyCount "128"]

1.e4 c5 2.Nf3 e6 3.d4 cxd4 4.Nxd4 Nf6 5.Nc3 d6 6.Be2 Nc6 7.O-O Be7 8.Be3 
O-O 9.f4 a6 10.a4 Qc7 11.Kh1 Re8 12.Bg1 Rb8 13.Qd3 e5 14.fxe5 dxe5 15.Nf5 
Bxf5 16.Rxf5 Nd4 17.Bxd4 exd4 18.Qxd4 Bd6 19.Nd5 Nxd5 20.Qxd5 Re5 21.Qc4 
Qe7 22.Raf1 Rf8 23.Bd3 g6 24.R5f3 Kg7 25.g3 h5 26.Qd4 Bc5 27.Qc3 Bb4 28.
Qb3 f6 29.c3 Bd6 30.Qc2 Bb8 31.Qf2 Qe6 32.Bb1 Qc6 33.b4 Re6 34.a5 Bc7 35.
c4 Re7 36.c5 Rd7 37.Qc2 Rd4 38.Qb3 Be5 39.Rd1 Rfd8 40.Rxd4 Rxd4 41.h4 Qd7 
42.Ba2 Kh6 43.Qe3+ Kg7 44.Qb3 Qh3+ 45.Kg1 Kh6 46.Qe3+ Kg7 47.Qb3 Kh6 48.
Qe3+ g5 49.hxg5+ fxg5 50.Bb3 Rxb4 51.Rf2 h4 52.Qf3 Qxg3+ 53.Qxg3 hxg3 54.
Rf3 Rxe4 55.Bd5 Re2 56.Rf7 Kg6 57.Rf8 Rb2 58.Be4+ Kh5 59.Rf7 Bd4+ 60.Kf1 
Bxc5 61.Rh7+ Kg4 62.Rf7 Rf2+ 63.Rxf2 Bxf2 64.Kg2 b6 0-1

[Event "Donetzk zt"]
[Site "Donetsk"]
[Date "1998.11.08"]
[Round "6"]
[White "Ovsejevitsch, Sergei"]
[Black "Mikhaletz, Lubomir"]
[Result "0-1"]
[WhiteElo "2500"]
[BlackElo "2495"]
[EventDate "1998.11.02"]
[PlyCount "64"]

1.d4 d6 2.Nf3 Bg4 3.c4 Nd7 4.Qb3 Qc8 5.h3 Bh5 6.g3 Ngf6 7.Bg2 c6 8.Nc3 e5 
9.d5 Be7 10.O-O Nc5 11.Qd1 cxd5 12.cxd5 O-O 13.Nd2 Bg6 14.e4 b5 15.Qe2 a6 
16.Qe3 Bd8 17.b4 Ncd7 18.Bb2 Qb7 19.Qd3 Nb6 20.h4 Qd7 21.Rfc1 Rc8 22.Qf1 
Nc4 23.Bh3 Ng4 24.Nxc4 Rxc4 25.Qe2 f5 26.Bxg4 fxg4 27.h5 Bxh5 28.Nd1 Rxb4 
29.Bc3 Ra4 30.Nb2 Ra3 31.Be1 Bb6 32.Kg2 Bd4 0-1

[Event "Donetzk zt"]
[Site "Donetsk"]
[Date "1998.11.08"]
[Round "6"]
[White "Romanishin, Oleg M"]
[Black "Miroshnichenko, Evgenij"]
[Result "1-0"]
[WhiteElo "2600"]
[BlackElo "2440"]
[EventDate "1998.11.02"]
[PlyCount "89"]

1.d4 d5 2.c4 c6 3.Nf3 Nf6 4.Nc3 e6 5.g3 Bb4 6.Bg2 O-O 7.O-O Nbd7 8.Qc2 b6 
9.Bg5 h6 10.Bxf6 Nxf6 11.Ne5 Bb7 12.Rfd1 Nd7 13.e4 Nxe5 14.dxe5 d4 15.Ne2 
Qc7 16.f4 Rfd8 17.Nc1 Bf8 18.Nd3 c5 19.b3 Bc6 20.Rac1 Qb7 21.Qe2 b5 22.f5 
bxc4 23.bxc4 Re8 24.Rf1 Rab8 25.h4 Qc7 26.Rce1 Rb4 27.Rc1 Ra4 28.Rf2 Bd7 
29.g4 Ra3 30.g5 hxg5 31.hxg5 g6 32.fxg6 fxg6 33.Rf6 Bg7 34.Rxg6 Rf8 35.Rf6
Rxd3 36.Qxd3 Qxe5 37.Rxf8+ Bxf8 38.Rf1 Qxg5 39.Qf3 Qe7 40.Qg3+ Bg7 41.e5 
Be8 42.Be4 Bf7 43.Rb1 Qd8 44.Kh1 d3 45.Rg1 1-0

[Event "Donetzk zt"]
[Site "Donetsk"]
[Date "1998.11.08"]
[Round "6"]
[White "Sulypa, Alexandre"]
[Black "Malaniuk, Vladimir P"]
[Result "1-0"]
[WhiteElo "2415"]
[BlackElo "2590"]
[EventDate "1998.11.02"]
[PlyCount "71"]

1.e4 e5 2.Nf3 Nc6 3.Bb5 a6 4.Ba4 Nf6 5.O-O Bc5 6.c3 b5 7.Bb3 d6 8.a4 Bg4 
9.h3 Bxf3 10.Qxf3 O-O 11.a5 Ne7 12.d3 Nd7 13.Nd2 Kh8 14.Qe2 Ba7 15.Nf3 Nc5
16.Ba2 Ne6 17.g3 Qd7 18.Kg2 Rae8 19.Bd2 f5 20.exf5 Nxf5 21.Rae1 h6 22.Bc1 
Nc5 23.Nd2 d5 24.Bb1 Qc6 25.Kh2 Re6 26.Bc2 Nd7 27.Nf3 Re7 28.g4 Nd6 29.Nh4
Nf7 30.d4 e4 31.Nf5 Ree8 32.f3 Nf6 33.fxe4 Nxe4 34.Qg2 Bb8 35.Bf4 Qe6 36.
Kg1 1-0

[Event "Donetzk zt"]
[Site "Donetsk"]
[Date "1998.11.08"]
[Round "6"]
[White "Tukmakov, Vladimir B"]
[Black "Shneider, Aleksandr"]
[Result "0-1"]
[WhiteElo "2605"]
[BlackElo "2540"]
[EventDate "1998.11.02"]
[PlyCount "120"]

1.Nf3 Nf6 2.c4 e6 3.Nc3 Bb4 4.g4 h6 5.Rg1 d5 6.a3 Be7 7.d4 Ne4 8.Qc2 Nxc3 
9.Qxc3 Nd7 10.Bg2 O-O 11.Bh1 g5 12.h4 c6 13.hxg5 hxg5 14.Be3 f6 15.O-O-O 
a5 16.Qc2 Kg7 17.Bd2 b5 18.c5 b4 19.a4 Qe8 20.Rde1 Qg6 21.e4 Bd8 22.b3 Ba6
23.Bg2 Rh8 24.Bf1 Bxf1 25.Rgxf1 Kf7 26.Re2 Bc7 27.Rfe1 Rhe8 28.Rh1 Rh8 29.
Rhe1 Rhe8 30.Kd1 e5 31.dxe5 Nxe5 32.Nd4 Nxg4 33.Nf5 dxe4 34.Qc4+ Kf8 35.
Nd6 Bxd6 36.cxd6 Ne5 37.Qd4 Rad8 38.Rxe4 Qf5 39.f4 gxf4 40.Rxf4 Qe6 41.
Rxe5 Qxe5 42.Rxf6+ Kg7 43.Rf4 Qxd4 44.Rxd4 Re5 45.Kc2 Rd5 46.Rxd5 cxd5 47.
Kd3 Kf6 48.Kd4 Ke6 49.Kc5 Rc8+ 50.Kb5 d4 51.Kxa5 d3 52.Kb6 Rc2 53.Bxb4 d2 
54.Bxd2 Rxd2 55.a5 Kxd6 56.a6 Rb2 57.a7 Rxb3+ 58.Ka6 Kc7 59.a8=N+ Kc6 60.
Ka7 Rb1 0-1

[Event "Donetzk zt"]
[Site "Donetsk"]
[Date "1998.11.08"]
[Round "6"]
[White "Zubarev, Alexander"]
[Black "Komarov, Dimitri"]
[Result "1-0"]
[WhiteElo "2440"]
[BlackElo "2570"]
[EventDate "1998.11.02"]
[PlyCount "95"]

1.e4 e6 2.d4 d5 3.Nd2 c5 4.Ngf3 cxd4 5.Nxd4 Nc6 6.Nxc6 bxc6 7.Bd3 Qc7 8.
Qe2 Bd6 9.Nf3 dxe4 10.Qxe4 Nf6 11.Qh4 Ba6 12.c4 Rd8 13.Bg5 Qa5+ 14.Ke2 Be7
15.Rhd1 h6 16.b3 O-O 17.Bd2 Qa3 18.Bc1 Qa5 19.Bd2 Qa3 20.Bc1 Qa5 21.Bb2 
Bb7 22.Qg3 Bd6 23.Ne5 Nh5 24.Qe3 Ba3 25.Bc3 Bb4 26.Bxb4 Qxb4 27.g4 Nf6 28.
h4 c5 29.g5 hxg5 30.hxg5 Nh5 31.Bc2 Qa3 32.Nd7 Qb2 33.Rac1 Rfe8 34.Kf1 g6 
35.Nxc5 Bc6 36.Nd3 Qh8 37.Ne5 Ng7 38.Ng4 Rxd1+ 39.Rxd1 Qh1+ 40.Ke2 Qh5 41.
f3 Kh8 42.Rf1 e5 43.Nf6 Qh2+ 44.Rf2 Qg3 45.Nxe8 Ne6 46.Nd6 Nd4+ 47.Kd2 Kg8
48.f4 1-0

[Event "Donetzk zt"]
[Site "Donetsk"]
[Date "1998.11.09"]
[Round "7"]
[White "Berelowitsch, Alexander"]
[Black "Romanishin, Oleg M"]
[Result "1/2-1/2"]
[WhiteElo "2495"]
[BlackElo "2600"]
[EventDate "1998.11.02"]
[PlyCount "35"]

1.e4 e5 2.Nf3 Nc6 3.Bb5 a6 4.Ba4 Nf6 5.O-O Be7 6.Re1 d6 7.Bxc6+ bxc6 8.d4 
exd4 9.Nxd4 Bd7 10.Nc3 O-O 11.Qf3 Rb8 12.b3 Re8 13.h3 Rb4 14.Nf5 Bxf5 15.
Qxf5 Nd7 16.Qa5 Rb6 17.Be3 Bf6 18.Rad1 1/2-1/2

[Event "Donetzk zt"]
[Site "Donetsk"]
[Date "1998.11.09"]
[Round "7"]
[White "Golubev, Mikhail"]
[Black "Baklan, Vladimir"]
[Result "1/2-1/2"]
[WhiteElo "2515"]
[BlackElo "2585"]
[EventDate "1998.11.02"]
[PlyCount "23"]

1.e4 c5 2.Nf3 e6 3.d4 cxd4 4.Nxd4 a6 5.Bd3 g6 6.Be3 Bg7 7.Nc3 Ne7 8.Qd2 d5
9.exd5 Nxd5 10.Nxd5 Qxd5 11.O-O O-O 12.Be2 1/2-1/2

[Event "Donetzk zt"]
[Site "Donetsk"]
[Date "1998.11.09"]
[Round "7"]
[White "Malaniuk, Vladimir P"]
[Black "Malakhatko, Vadim"]
[Result "1/2-1/2"]
[WhiteElo "2590"]
[BlackElo "2435"]
[EventDate "1998.11.02"]
[PlyCount "90"]

1.c4 c5 2.Nf3 g6 3.d4 Bg7 4.e4 cxd4 5.Nxd4 Nc6 6.Be3 d6 7.Nc3 Nf6 8.Be2 
O-O 9.Qd2 Nxd4 10.Bxd4 Qa5 11.f3 Be6 12.Rc1 Rfc8 13.b3 a6 14.Be3 Nd7 15.
Nd5 Qxd2+ 16.Kxd2 Bxd5 17.cxd5 Bb2 18.Rxc8+ Rxc8 19.Rb1 Bc3+ 20.Kd1 Bb4 
21.a3 Ba5 22.Rc1 Rxc1+ 23.Kxc1 Kf8 24.Kc2 Ke8 25.b4 Bb6 26.Bc1 Bg1 27.h3 
e6 28.dxe6 fxe6 29.f4 Nf6 30.Bf3 e5 31.fxe5 dxe5 32.Bb2 Bh2 33.Kd3 Kd7 34.
a4 b5 35.Bd1 Ng8 36.Bg4+ Kc7 37.axb5 axb5 38.Ke2 Nf6 39.Bf3 Bg3 40.Bc1 Nd7
41.Bg4 Bh4 42.Bd2 Nf6 43.Bf3 Nd7 44.Kd3 Be7 45.Bc3 Bd6 1/2-1/2

[Event "Donetzk zt"]
[Site "Donetsk"]
[Date "1998.11.09"]
[Round "7"]
[White "Milov, Leonid"]
[Black "Moskalenko, Viktor"]
[Result "1/2-1/2"]
[WhiteElo "2490"]
[BlackElo "2500"]
[EventDate "1998.11.02"]
[PlyCount "44"]

1.e4 e6 2.d3 d5 3.Nd2 c5 4.Ngf3 Nc6 5.g3 g6 6.Bg2 Bg7 7.O-O Nge7 8.Re1 h6 
9.c3 b6 10.h4 dxe4 11.dxe4 Ba6 12.e5 Bd3 13.Ne4 Bxe4 14.Qxd8+ Rxd8 15.Rxe4
Rd1+ 16.Bf1 h5 17.b3 Bh6 18.Bb2 Rxa1 19.Bxa1 O-O 20.Be2 Rd8 21.Bb2 a5 22.
Kf1 Kf8 1/2-1/2

[Event "Donetzk zt"]
[Site "Donetsk"]
[Date "1998.11.09"]
[Round "7"]
[White "Nechaev, Andrei"]
[Black "Nosenko, Alexander"]
[Result "0-1"]
[WhiteElo "2330"]
[BlackElo "2425"]
[EventDate "1998.11.02"]
[PlyCount "94"]

1.d4 Nf6 2.c4 e6 3.Nc3 Bb4 4.Bg5 c5 5.d5 d6 6.e3 Bxc3+ 7.bxc3 h6 8.Bh4 g5 
9.Bg3 Ne4 10.Qc2 Nxg3 11.hxg3 e5 12.Bd3 Nd7 13.Ne2 Nf6 14.Rb1 b6 15.Bf5 
Ke7 16.f3 h5 17.Kf2 Rg8 18.Bxc8 Qxc8 19.e4 Rb8 20.a4 Qd7 21.Rb2 Rb7 22.Qb3
a6 23.Qc2 Rgb8 24.Rhb1 b5 25.axb5 axb5 26.Qc1 g4 27.Qg5 bxc4 28.Rxb7 Rxb7 
29.Rh1 Rb8 30.Rxh5 Rg8 31.Qh4 Qd8 32.Rf5 Rg6 33.f4 Qb8 34.Ke3 Qb1 35.Kf2 
Qxe4 36.Rg5 Qxd5 37.Rxg6 fxg6 38.fxe5 dxe5 39.Qg5 Kf7 40.Ke1 Qe4 41.Qd2 
Qxg2 42.Qa2 Qh1+ 43.Kd2 Qd5+ 44.Kc1 Qd3 45.Qa7+ Ke6 46.Qa6+ Kf5 47.Qc8+ 
Kg5 0-1

[Event "Donetzk zt"]
[Site "Donetsk"]
[Date "1998.11.09"]
[Round "7"]
[White "Neverov, Valeriy"]
[Black "Tukmakov, Vladimir B"]
[Result "1/2-1/2"]
[WhiteElo "2515"]
[BlackElo "2605"]
[EventDate "1998.11.02"]
[PlyCount "51"]

1.d4 Nf6 2.c4 e6 3.Nf3 b6 4.Nc3 Bb7 5.a3 d5 6.Bg5 Be7 7.Qa4+ Bc6 8.Qb3 
dxc4 9.Qxc4 O-O 10.Rd1 Bb7 11.Bxf6 Bxf6 12.e4 c6 13.e5 Be7 14.Bd3 Nd7 15.
O-O Rc8 16.Bb1 Re8 17.Rfe1 Nf8 18.h4 Rc7 19.h5 h6 20.Be4 Qa8 21.Rd2 Rd7 
22.Red1 Red8 23.Qe2 c5 24.Bxb7 Qxb7 25.dxc5 Bxc5 26.b4 1/2-1/2

[Event "Donetzk zt"]
[Site "Donetsk"]
[Date "1998.11.09"]
[Round "7"]
[White "Zontakh, Andrey"]
[Black "Kruppa, Yuri"]
[Result "1/2-1/2"]
[WhiteElo "2540"]
[BlackElo "2570"]
[EventDate "1998.11.02"]
[PlyCount "60"]

1.e4 e6 2.d4 d5 3.Nc3 Bb4 4.e5 b6 5.a3 Bf8 6.Nf3 Qd7 7.Bb5 c6 8.Ba4 Na6 9.
Ne2 Nc7 10.O-O Ba6 11.c3 f5 12.Bc2 h6 13.h4 g5 14.hxg5 hxg5 15.Nxg5 Qg7 
16.Bd3 Bb7 17.f4 Be7 18.Rf3 Nh6 19.Rh3 O-O-O 20.Ng3 c5 21.Be3 Kb8 22.Be2 
Qf8 23.Nh5 c4 24.Bf2 Bc6 25.Bf3 Be8 26.Qe2 Ng4 27.Bxg4 fxg4 28.Qxg4 Bxh5 
29.Rxh5 Rxh5 30.Qxh5 Qxf4 1/2-1/2

[Event "Donetzk zt"]
[Site "Donetsk"]
[Date "1998.11.10"]
[Round "8"]
[White "Baklan, Vladimir"]
[Black "Malaniuk, Vladimir P"]
[Result "1/2-1/2"]
[WhiteElo "2585"]
[BlackElo "2590"]
[EventDate "1998.11.02"]
[PlyCount "25"]

1.e4 e5 2.Nf3 Nc6 3.d4 exd4 4.Nxd4 Bc5 5.Nxc6 Qf6 6.Qd2 dxc6 7.Nc3 Qe7 8.
Bd3 Nf6 9.O-O O-O 10.Qg5 h6 11.Qh4 Ng4 12.Qxe7 Bxe7 13.Bf4 1/2-1/2

[Event "Donetzk zt"]
[Site "Donetsk"]
[Date "1998.11.10"]
[Round "8"]
[White "Brodsky, Michail"]
[Black "Neverov, Valeriy"]
[Result "1/2-1/2"]
[WhiteElo "2525"]
[BlackElo "2515"]
[EventDate "1998.11.02"]
[PlyCount "98"]

1.e4 c5 2.d3 Nc6 3.g3 g6 4.Bg2 Bg7 5.f4 d6 6.Nf3 e5 7.Nc3 Nge7 8.O-O O-O 
9.Be3 Nd4 10.Qd2 Bg4 11.Nh4 exf4 12.Bxf4 b5 13.Bg5 f6 14.Be3 Qd7 15.Nd1 
Rae8 16.c3 Ndc6 17.Nf2 Be6 18.a3 Ne5 19.b4 Rc8 20.Rac1 a5 21.Nf3 N7c6 22.
Nh4 axb4 23.axb4 cxb4 24.cxb4 Ra8 25.Ra1 d5 26.Bc5 Rfd8 27.Rxa8 Rxa8 28.d4
Nf7 29.Qe2 Rc8 30.Rd1 Ng5 31.Qxb5 Rb8 32.Qa4 Nxb4 33.Qxd7 Bxd7 34.Rb1 Na6 
35.Rxb8+ Nxb8 36.exd5 f5 37.Bf1 Bc8 38.Bc4 Ba6 39.Bb3 Nd7 40.Kg2 Kf7 41.
Nf3 Nxf3 42.Kxf3 Nxc5 43.dxc5 Bd4 44.d6+ Kf6 45.c6 Ke5 46.Bg8 h6 47.Bh7 
Kxd6 48.Bxg6 Bxf2 49.Kxf2 Kxc6 1/2-1/2

[Event "Donetzk zt"]
[Site "Donetsk"]
[Date "1998.11.10"]
[Round "8"]
[White "Kopylov, Michael"]
[Black "Miroshnichenko, Evgenij"]
[Result "1/2-1/2"]
[WhiteElo "2385"]
[BlackElo "2440"]
[EventDate "1998.11.02"]
[PlyCount "23"]

1.e4 c6 2.c4 d5 3.exd5 Nf6 4.Nc3 cxd5 5.d4 g6 6.cxd5 Bg7 7.Bc4 O-O 8.Nge2 
Nbd7 9.Nf4 Nb6 10.Bb3 Bf5 11.O-O Rc8 12.Re1 1/2-1/2

[Event "Donetzk zt"]
[Site "Donetsk"]
[Date "1998.11.10"]
[Round "8"]
[White "Kruppa, Yuri"]
[Black "Golubev, Mikhail"]
[Result "0-1"]
[WhiteElo "2570"]
[BlackElo "2515"]
[EventDate "1998.11.02"]
[PlyCount "102"]

1.d4 Nf6 2.c4 g6 3.Nc3 Bg7 4.e4 d6 5.Nf3 O-O 6.Be2 Na6 7.Nd2 e5 8.d5 Bh6 
9.Nb3 Bxc1 10.Qxc1 Ne8 11.O-O Ng7 12.Qd2 Qe7 13.Rae1 Bd7 14.Bd1 Rae8 15.a3
c5 16.Nc1 f5 17.f4 fxe4 18.Rxe4 Qf6 19.Rf2 exf4 20.Rfxf4 Qd8 21.Rxe8 Rxe8 
22.N1e2 Nc7 23.b4 cxb4 24.axb4 Na6 25.b5 Nc5 26.g4 g5 27.Rd4 h5 28.Ng3 
Bxg4 29.Bxg4 Nb3 30.Qd1 Nxd4 31.Qxd4 hxg4 32.Nce4 Rf8 33.Qxa7 Qe7 34.Qd4 
Nf5 35.Qd2 Nxg3 36.Nxg3 Qe5 37.Kg2 Qf6 38.Qc2 Ra8 39.Nf5 Rf8 40.Ng3 Qf3+ 
41.Kg1 Qe3+ 42.Kg2 Rf6 43.Qe2 Qf3+ 44.Kg1 Qxe2 45.Nxe2 Rf4 46.Nxf4 gxf4 
47.h4 gxh3 48.Kh2 Kf7 49.Kxh3 Kf6 50.Kg4 Ke5 51.b6 Kd4 0-1

[Event "Donetzk zt"]
[Site "Donetsk"]
[Date "1998.11.10"]
[Round "8"]
[White "Lerner, Konstantin Z"]
[Black "Komarov, Dimitri"]
[Result "0-1"]
[WhiteElo "2580"]
[BlackElo "2570"]
[EventDate "1998.11.02"]
[PlyCount "112"]

1.c4 Nf6 2.Nc3 e5 3.e3 Bb4 4.Nge2 O-O 5.Nd5 Nxd5 6.cxd5 d6 7.a3 Ba5 8.b4 
Bb6 9.Nc3 Qg5 10.Na4 Nd7 11.Qc2 Nf6 12.Nxb6 cxb6 13.e4 Bd7 14.d3 Qg6 15.g3
Rac8 16.Qe2 Ba4 17.Bg2 Rc2 18.Bd2 Qg4 19.h3 Qd7 20.O-O Rfc8 21.Rfc1 Rxc1+ 
22.Rxc1 Rxc1+ 23.Bxc1 Qc7 24.Bb2 Qc2 25.Qxc2 Bxc2 26.Bf1 Kf8 27.Be2 Ke7 
28.f4 Nd7 29.Kf2 f6 30.h4 Ba4 31.Bg4 Bc2 32.Ke3 Ba4 33.Kd2 Kd8 34.d4 exf4 
35.gxf4 Bb5 36.h5 h6 37.Ke3 Bc4 38.a4 b5 39.a5 Ke7 40.Bc3 Kd8 41.Be1 Nb8 
42.e5 Bxd5 43.exf6 gxf6 44.f5 Nc6 45.Bg3 Ke7 46.Bf4 Nxb4 47.Bxh6 Nc6 48.
Bg7 b4 49.Kd3 Bg8 50.Bf3 Nxa5 51.d5 Bh7 52.Bg4 b5 53.Bh6 Nc4 54.Kd4 b3 55.
Kc3 b2 56.Kc2 a5 0-1

[Event "Donetzk zt"]
[Site "Donetsk"]
[Date "1998.11.10"]
[Round "8"]
[White "Moroz, Alexander"]
[Black "Berezin, Oleg"]
[Result "1-0"]
[WhiteElo "2490"]
[BlackElo "2455"]
[EventDate "1998.11.02"]
[PlyCount "75"]

1.e4 c5 2.Nc3 d6 3.Nf3 Nf6 4.d4 cxd4 5.Nxd4 a6 6.a4 b6 7.Bd3 Bb7 8.O-O g6 
9.f4 Bg7 10.Nf3 O-O 11.Qe1 Nbd7 12.Qh4 b5 13.f5 b4 14.Ne2 Rc8 15.Bh6 Bxh6 
16.Qxh6 Bxe4 17.Ng5 Bxd3 18.cxd3 Qb6+ 19.Kh1 Rc2 20.Nf4 Qb7 21.d4 Rfc8 22.
fxg6 hxg6 23.Nge6 Nh5 24.d5 Ndf6 25.Nxh5 Nxh5 26.Ng5 Nf6 27.Rxf6 exf6 28.
Qh7+ Kf8 29.Re1 Re2 30.Qh8+ Ke7 31.Rxe2+ Kd7 32.Qh3+ Kd8 33.Qe3 fxg5 34.
Qe8+ Kc7 35.Re7+ Kb8 36.Rxb7+ Kxb7 37.Qxf7+ Rc7 38.Qf1 1-0

[Event "Donetzk zt"]
[Site "Donetsk"]
[Date "1998.11.10"]
[Round "8"]
[White "Moskalenko, Viktor"]
[Black "Mikhaletz, Lubomir"]
[Result "0-1"]
[WhiteElo "2500"]
[BlackElo "2495"]
[EventDate "1998.11.02"]
[PlyCount "80"]

1.d4 d6 2.Nf3 Bg4 3.c4 Nd7 4.e4 g6 5.Be2 Bg7 6.O-O c5 7.d5 Ngf6 8.Nc3 O-O 
9.h3 Bxf3 10.Bxf3 a6 11.a4 Ne8 12.Qc2 e5 13.a5 Bf6 14.Bh6 Ng7 15.Bg4 Be7 
16.Na4 Nf6 17.Nb6 Rb8 18.Rab1 Nxg4 19.hxg4 f5 20.gxf5 gxf5 21.Bxg7 Kxg7 
22.exf5 Rf7 23.b4 Kh8 24.bxc5 dxc5 25.f4 Bf6 26.Rbe1 Qd6 27.Re4 Rg8 28.Rf2
exf4 29.Re6 Qd8 30.Rxf4 Rfg7 31.Re2 Qd6 32.Ree4 Rg3 33.Qf2 Qf8 34.Rf3 R3g5
35.g4 Rxg4+ 36.Rxg4 Rxg4+ 37.Kf1 Bd4 38.Qh2 Qe8 39.f6 Re4 40.Qh4 Rxh4 0-1

[Event "Donetzk zt"]
[Site "Donetsk"]
[Date "1998.11.10"]
[Round "8"]
[White "Nosenko, Alexander"]
[Black "Milov, Leonid"]
[Result "1/2-1/2"]
[WhiteElo "2425"]
[BlackElo "2490"]
[EventDate "1998.11.02"]
[PlyCount "84"]

1.d4 d5 2.c4 c6 3.Nf3 Nf6 4.Nc3 dxc4 5.a4 Bf5 6.Nh4 Bg6 7.Nxg6 hxg6 8.e4 
e5 9.Be3 Qb6 10.Bxc4 Qxb2 11.Rc1 Bb4 12.Bd2 exd4 13.Rc2 Qa3 14.Ra2 dxc3 
15.Rxa3 cxd2+ 16.Ke2 Bxa3 17.Qb3 O-O 18.Qxa3 Nxe4 19.f3 Nf6 20.Rd1 Nbd7 
21.Rxd2 Nb6 22.Bb3 Nbd5 23.Kf2 Rfe8 24.h4 Re3 25.Qb2 Re7 26.Qd4 b6 27.g4 
Rae8 28.g5 Nh5 29.Bxd5 cxd5 30.Qxd5 Kh7 31.Qc4 Kg8 32.Rd4 Kh7 33.Qd3 f5 
34.Qd2 Rc8 35.Rd8 Rxd8 36.Qxd8 Re5 37.Qd4 Rc5 38.Qd7 a6 39.Qa7 Ra5 40.Qxb6
Rxa4 41.Qc6 Rxh4 42.Qxa6 Rf4 1/2-1/2

[Event "Donetzk zt"]
[Site "Donetsk"]
[Date "1998.11.11"]
[Round "9"]
[White "Berelowitsch, Alexander"]
[Black "Nosenko, Alexander"]
[Result "1/2-1/2"]
[WhiteElo "2495"]
[BlackElo "2425"]
[EventDate "1998.11.02"]
[PlyCount "92"]

1.e4 e6 2.d4 d5 3.Nd2 Nf6 4.e5 Nfd7 5.Bd3 c5 6.c3 Nc6 7.Ne2 cxd4 8.cxd4 f6
9.exf6 Nxf6 10.O-O Bd6 11.Nf3 O-O 12.Bf4 Bxf4 13.Nxf4 Ng4 14.g3 g5 15.Ng2 
Qf6 16.Be2 Nh6 17.Qd2 Nf5 18.Rad1 h6 19.Ne3 a6 20.b4 Qg7 21.a4 Nd6 22.Kg2 
Bd7 23.b5 axb5 24.axb5 Ne7 25.b6 Nc6 26.Qb2 h5 27.Ne5 Nxe5 28.dxe5 Nf7 29.
Bxh5 Nxe5 30.Rfe1 Bc6 31.Nxd5 Rf5 32.g4 Nxg4 33.Qxg7+ Kxg7 34.Bxg4 Bxd5+ 
35.Kg1 Rf6 36.Re5 Kg6 37.Rde1 Ra6 38.Bxe6 Bxe6 39.Rxe6 Rxb6 40.Rxb6 Rxb6 
41.Re4 Kf5 42.f3 Rb2 43.h4 gxh4 44.Rxh4 b5 45.Kf1 b4 46.Ke1 b3 1/2-1/2